000 00876cam a22002897a 4500
003 CHAP
005 20220329134908.0
008 971013s1964 r 00010 d
010 _a27692
011 _a28664
035 _a32771
040 _cCHAP
090 _aTesis
100 0 0 _aCons Duarte, Mauricio.
_927268
245 1 3 _aLa zona de protección del noroeste y sus alcances cuarentenarios
260 _aChapingo, Méx. :
_bEl autor,
_c1964
300 _a72 h.
_b: ilus.
502 _aTesis (Ing. Agr. Esp. en Parasitología) -- ENA
590 _aALEPH
_b10
_c20130110
_lUCH01
_h1249
590 _aBATCH-UPD
_b10
_c20130110
_lUCH01
_h2039
590 _aCONVERSION
_b10
_c20130109
_lUCH01
_h1316
650 1 4 _aPlantas
_xCuarentena.
_988811
901 _aBK
942 _cFOLL
949 _bBC
_cTES
_d-76372
_eTS1
_i32771
_si
949 _bBC
_cTES
_d-76373
_eTS2
_fc.2
_i32771
_si
999 _c27692
_d27692